United Nations Security Council and General Assembly responses to the Russian invasion of Ukraine /

Bibliographic Details
Main Authors: Blanchfield, Luisa (Author), Weed, Matthew C. (Author)
Format: Government Document Database
Language:English
Published: [Washington, D.C.] : Congressional Research Service, 2022-
Edition:[Library of Congress public edition].
Series:Insight (Library of Congress. Congressional Research Service) ; IN11876.
Subjects:
Online Access:https://purl.fdlp.gov/GPO/gpo218698

MARC

Tag First Indicator Second Indicator Subfields
LEADER 00000nai a2200000 i 4500
001 in00004761237
006 m o d f
007 cr m||||||||||
008 231011c20229999dcu x w o f0 2eng c
005 20231213202419.7
010 |a 2023236499 
035 |a (OCoLC)on1402223790 
040 |a GPO  |b eng  |e rda  |e pn  |c GPO  |d MvI 
042 |a pcc 
043 |a e-un--- 
049 |a WWW 
074 |a 0807-A-12 (online) 
086 0 |a LC 14.25/2:IN 11876/ 
100 1 |a Blanchfield, Luisa,  |0 https://id.loc.gov/authorities/names/no2008106325  |e author. 
245 1 0 |a United Nations Security Council and General Assembly responses to the Russian invasion of Ukraine /  |c Luisa Blanchfield, Matthew C. Weed. 
250 |a [Library of Congress public edition]. 
264 1 |a [Washington, D.C.] :  |b Congressional Research Service,  |c 2022- 
300 |a 1 online resource. 
310 |a Updated irregularly 
336 |a text  |b txt  |2 rdacontent 
337 |a computer  |b c  |2 rdamedia 
338 |a online resource  |b cr  |2 rdacarrier 
490 1 |a IN ;  |v 11876 
500 |a The CRS web page provides access to all versions published since 2018 in accordance with P.L. 115-141. 
500 |a In scope of the U.S. Government Publishing Office Cataloging and Indexing Program (C&I) and Federal Depository Library Program (FDLP). 
500 |a GPO Cataloging Record Distribution Program (CRDP). 
588 0 |a Contents viewed October 11, 2023; title from CRS web page. 
610 2 0 |a United Nations.  |b Security Council  |v Resolutions.  |0 https://id.loc.gov/authorities/subjects/sh87003497 
610 2 0 |a United Nations.  |b General Assembly  |x Resolutions. 
651 0 |a Ukraine  |x History  |y Russian Invasion, 2022-  |0 https://id.loc.gov/authorities/subjects/sh2022006260 
700 1 |a Weed, Matthew C.,  |0 https://id.loc.gov/authorities/names/no2019020872  |e author. 
710 2 |a Library of Congress.  |b Congressional Research Service,  |0 https://id.loc.gov/authorities/names/n79061321  |e issuing body. 
773 0 8 |i Contained in (work):  |t CRS reports (Library of Congress. Congressional Research Service)  |w (DLC) 2018231131  |w (OCoLC)1052784408 
830 0 |a Insight (Library of Congress. Congressional Research Service) ;  |0 https://id.loc.gov/authorities/names/no2020046109  |v IN11876. 
856 4 0 |u https://purl.fdlp.gov/GPO/gpo218698  |t 0 
999 f f |s 9064886b-ae07-449a-9a4d-441c6b4e016f  |i e6a99fa5-a033-46a6-ab13-5d8d55dd35d2  |t 0 
952 f f |a Texas A&M University  |b College Station  |c Electronic Resources  |d Available Online  |t 0  |e LC 14.25/2:IN 11876/  |h Superintendent of Documents classification 
998 f f |a LC 14.25/2:IN 11876/  |t 0  |l Available Online